| 000 | 01188naa a22003497a 4500 | ||
|---|---|---|---|
| 001 | BR8105714 | ||
| 003 | BR-BrBNA | ||
| 005 | 20240918174851.0 | ||
| 007 | ta | ||
| 008 | 230509b bl.||||| |||| 00| 0 por d | ||
| 040 |
_aBR-BrBNA _bpor _cBiblioteca Nacional de Agricultura |
||
| 041 | _a(Pt) | ||
| 072 |
_aH60 _b2120 |
||
| 090 | _aH60 BR8105714 | ||
| 100 | 1 | _aMatiello, J.B. | |
| 100 | 1 | _aCarvalho, F. | |
| 100 | 1 | _aAndrade, I.R. | |
| 100 | 1 | _aOliveira, J.A. | |
| 100 | 1 | _aMartins, M. | |
| 100 | 1 | _aPrado Filho, H.A. | |
| 111 | 1 |
_a9. Congresso Brasileiro de Pesquisas Cafeeiras _cSao Lourenco, MG (Brazil) _d27 Oct 1981 |
|
| 245 | 1 | _aDesenvolvimento de novo modelo de enxada quimica | |
| 260 | 3 |
_aRio de Janeiro, RJ (Brasil): _c1981. |
|
| 500 | _aResumos do 9. Congresso Brasileiro de Pesquisas Cafeeiras Rio de Janeiro, RJ (Brasil): 1981. p. 8-10 (BR8105714-AM)H60 | ||
| 650 | _aERVA DANINHA | ||
| 650 | _aCAFE | ||
| 650 | _aCONTROLE MECANICO | ||
| 650 | _aENXADA | ||
| 773 | 0 |
_tResumos do 9. Congresso Brasileiro de Pesquisas Cafeeiras _wH60 BR8105714 _gRio de Janeiro, RJ (Brasil), 1981. p. 8-10 |
|
| 909 |
_a202404 _bLucia _c55 _dLucia Elande |
||
| 942 |
_cAM _2AGRIS |
||
| 999 |
_c314094 _d314094 |
||